00561nam a22001817a 450000500170000001000150001702000260003203500140005803700130007208200090008510000280009424500630012225000060018526000350019127001080022630000170033470000280035120251110110659.0 aENG-147069 a9788119626809c495.00 aEN-130601 bDBAD/PUB aS21 aMAJUMDAR,HEMANGINI DUTT aThe scratch and sniff chroniclescHemangini Dutt Manjumder a1 aNew DelhibNiyogi Books c2025 aBlock D , Building No 77 Okhla Industrial Area , Phase 1 bNew Delhi k911126816301 ,26818960e110020 a332p.c20 cm aMajumder Hemangini Dutt